LEADER 01447nam a2200313 u 4500 001 000000072224 003 CaOOAMICUS 005 20070226122222.0 008 020612s1977 it u000 u ita u 035 $a10933139 040 $aPUL(R)$bita 100 1 $aFerraresi, Franco.$0(OLS)http://pul/name/47805 245 10$aClassi sociali e politica urbana :$bdestra e sinistra nelle amministrazioni locali /$cFranco Ferraresi, Pietro Kemeny. 260 $aRoma :$bOfficina,$c1977. 300 $a158 p. ;$c24 cm 490 1 $aRapporti di ricerca ;$v6 504 $aBibliografia in nota. 650 4$aClassi sociali.$0(OLS)http://pul/subject/19126 650 4$aSociologia urbana.$0(OLS)http://pul/subject/19673 700 1 $aKemeny, Pietro.$0(OLS)http://pul/name/47806 830 0$aRapporti di ricerca ;$v6.$0(OLS)http://pul/title/95019 850 $aPUL 852 $aPUL$W1$xDP1 Cons. Gen., Altre Classi 1$y22$m845 C 79$j93451$nBK-PRI$b $qStampati$B93451$CPULBib$Z2$F93451 $H $81 852 $aPUL$W1$xDP1 Cons. Gen., Altre Classi 1$y22$m842 B 46$j93452$nBK-PRI$b $qStampati$B93452$CPULBib$Z2$F93452 $H $81 941 1 $a8 961 $aINV: 64219 961 $aINV: 63976 996 $6245$aClassi sociali e politica urbana :$bdestra e sinistra nelle amministrazioni locali$9(OLS)http://pul/title/95018 996 $6260$aRoma :$bOfficina$9(OLS)http://pul/publisher/73871 LEADER 01277nam a2200301 a 4500 001 000000144531 003 CaOOAMICUS 005 20150702114317.0 008 150702s2005 it u000 u ita r 020 $a88-8363-714-3 040 $aPUL$bita 100 1 $aLowney, Chris.$0(OLS)http://pul/name/92693 245 10$aLeader per vocazione :$bi principi della leadership secondo i gesuiti /$cChris Lowney ; prefazione di Luciano Larivera. 260 $aMilano :$bIl Sole 24 ore,$cİ2005. 300 $aX, 307 p. ;$c21 cm 490 1 $aMondo economico ;$v89 504 $aBibliografia in nota. 650 4$aLeadership.$0(OLS)http://pul/subject/26399 700 1 $aLarivera, Luciano.$0(OLS)http://pul/name/92694 830 0$aMondo economico ;$v89.$0(OLS)http://pul/title/97303 850 $aPUL 852 $aPUL$W1$xDP1 Fondo S. Lanza$y121$m3 H 52$j166816$qFondi$q $B167406$CPULBib$Z2$F167406 $HLan1408 $81 941 1 $a1 961 $aNota ms. di possesso: Sergio Lanza 996 $6020$a88-8363-714-3$9(OLS)http://pul/number/158178 996 $6245$aLeader per vocazione :$bi principi della leadership secondo i gesuiti$9(OLS)http://pul/title/182847 996 $6260$aMilano :$bIl Sole 24 ore$9(OLS)http://pul/publisher/69212